000 01415cam a22001934a 4500
005 20250605164121.0
008 250528s ||||||||||||||||||||||||d
035 _a18290
020 _a9602096683
040 _aGR-AtMCL
_bgre
_dGR-AtMCL
_eAACR2
245 1 _aΣιδηρές Κατασκευές / Ανάλυση και Διαστασιολόγηση
260 _bΚλειδάριθμος,
_c2003
300 _a712
520 _aΤο παρόν βιβλίο προσφέρει ένα βοήθημα όχι μόνο του ''πώς'', αλλά και του ''γιατί'' εφαρμόζονται οι διάφορες διαδικασίες ανάλυσης και διαστασιολόγησης. Εισαγωγή, Βάσεις Σχεδιασμού, Μέθοδοι Ανάλυσης και Ελέγχου, Προσδιορισμός Αντιστάσεων Διατομών με Ελαστική Ανάλυση, Προσδιορισμός Αντιστάσεων Διατομών με Πλαστική Ανάλυση, Ευστάθεια Μεμονομένων Μελών, Φορείς, Κοχλιωτές Συνδέσεις, Συγκολλήσεις, Οριακή Κατάσταση Λειτουργικότητας, Παράρτημα, Ευρετήριο Συμβόλων, Βιβλιογραφία.
700 1 _aΒάγιας Ιωάννης Κ
_93908
942 _cBK
999 _c3656
_d3656